000 00554nam a2200181 i 4500
001 bg
100 1 _aJUSZCZYK, Kazimierz
245 0 _aĆwiczenia rachunkowe z chemii ogólnej :
_bwybrane zagadnienia /
_cKazimierz Juszczyk, Jolanta Nieniewska.
260 _aWarszawa :
_bWydawnictwa Politechniki Warszawskiej,
_c1986.
650 9 _aChemia
655 _aĆwiczenia i zadania dla szkół wyższych
700 1 _aNIENIEWSKA, Jolanta
040 _cBPK
041 _apol
080 _a54(076)
942 _cKS
008 s pl f |000 0 pol
999 _c2609
_d2609
856 _uhttp://koha.tu.koszalin.pl/cgi-bin/koha/opac-detail.pl?biblionumber=2609
_yKatalog online BPK